[Event "CZE-ch Betsys Online Blitz"]
[Site "Chess.com INT"]
[Date "2021.04.17"]
[Round "5"]
[White "Danek, Pavel"]
[Black "Silhava, Jana"]
[Result "0-1"]
[WhiteElo "1873"]
[BlackElo "1892"]
[PlyCount "84"]
[EventDate "2021.04.17"]
[EventType "swiss (blitz)"]
[EventRounds "13"]
[EventCountry "CZE"]
[SourceTitle "CBM 201 Extra"]
[Source "ChessBase"]
[SourceDate "2021.05.31"]
[SourceVersion "1"]
[SourceVersionDate "2021.05.31"]
[SourceQuality "1"]

1. d4 d5 2. Nf3 Nc6 3. c3 Nf6 4. Bg5 Bg4 5. Nbd2 e6 6. e3 Bd6 7. Bd3 h6 8. Bh4 Be7 9. Qc2 Qd7 10. h3 Bxf3 11. Nxf3 Ng8 12. Bxe7 Ngxe7 13. Ne5 Nxe5 14. dxe5 c5 15. f4 Nc6 16. 0-0 0-0 17. Bb5 a6 18. Bxc6 bxc6 19. Rad1 Rab8 20. b3 Rbd8 21. Rd2 Qe7 22. Rfd1 f6 23. exf6 Qxf6 24. c4 d4 25. exd4 cxd4 26. g3 e5 27. Rf2 exf4 28. Rxf4 Qd6 29. Rdf1 Rxf4 30. Rxf4 d3 31. Qd2 Re8 32. c5 Qxc5+ 33. Kf1 Qd5 34. Qg2 d2 35. Qxd5+ cxd5 36. Rd4 Re1+ 37. Kf2 d1Q 38. Rxd1 Rxd1 39. Ke2 Rh1 40. h4 Rh2+ 41. Kd3 Rxa2 42. Kd4 Ra3 0-1

[Event "CZE-chT2D 1819"]
[Site "Czech Republic"]
[Date "2018.11.18"]
[Round "3.7"]
[White "Vavra, Radim"]
[Black "Danek, Pavel"]
[Result "1-0"]
[WhiteElo "2026"]
[BlackElo "1902"]
[PlyCount "121"]
[EventDate "2018.10.14"]
[EventType "team-tourn"]
[EventRounds "11"]
[EventCountry "CZE"]
[SourceTitle "EXT 2022"]
[Source "ChessBase"]
[SourceDate "2021.10.06"]
[SourceVersion "1"]
[SourceVersionDate "2021.10.06"]
[SourceQuality "1"]
[WhiteTeam "Pardubice Rapid"]
[BlackTeam "Vysoke Myto"]
[WhiteTeamCountry "CZE"]
[BlackTeamCountry "CZE"]

1. e4 e6 2. d4 d5 3. Nc3 dxe4 4. Nxe4 Nd7 5. Nf3 Be7 6. Bd3 Ngf6 7. Qe2 0-0 8. Nxf6+ Nxf6 9. h4 b6 10. Bg5 Bb7 11. 0-0-0 Qd5 12. Kb1 h6 13. c4 Qd6 14. Be3 Ng4 15. Bd2 Nf6 16. Rhg1 c5 17. dxc5 Qxd3+ 18. Qxd3 Be4 19. Qxe4 Nxe4 20. cxb6 Nxf2 21. Rde1 Bc5 22. b7 Rab8 23. Be3 Bxe3 24. Rxe3 Rxb7 25. Rf1 Ng4 26. Re4 h5 27. Ne5 Nxe5 28. Rxe5 Rd8 29. Rxh5 Rd2 30. Rb5 Rc7 31. c5 e5 32. Rc1 Rd5 33. b4 Kf8 34. Rb8+ Ke7 35. Kb2 e4 36. Re1 f5 37. g4 g6 38. h5 Re5 39. hxg6 Kf6 40. gxf5 Kxf5 41. Rf8+ Kxg6 42. Rg1+ Kh7 43. Rf4 Rc6 44. Kc3 Rh6 45. Kd4 Re7 46. Rxe4 Rd7+ 47. Kc4 Rh2 48. a4 a6 49. Rg3 Rc2+ 50. Rc3 Rh2 51. Rg4 Rh5 52. c6 Rc7 53. b5 axb5+ 54. axb5 Ra7 55. Rb3 Rh1 56. Kc5 Rh6 57. Rd3 Kh8 58. Rd8+ Kh7 59. Rd7+ Kh8 60. Rdd4 Ra8 61. Rh4 1-0

[Event "CZE-chT2D 1617"]
[Site "Czech Republic"]
[Date "2016.10.09"]
[Round "1.7"]
[White "Jirousek, Jan"]
[Black "Danek, Pavel"]
[Result "0-1"]
[WhiteElo "1733"]
[BlackElo "1919"]
[PlyCount "94"]
[EventDate "2016.10.09"]
[EventType "team-tourn"]
[EventRounds "11"]
[EventCountry "CZE"]
[SourceTitle "EXT 2022"]
[Source "ChessBase"]
[SourceDate "2021.10.06"]
[SourceVersion "1"]
[SourceVersionDate "2021.10.06"]
[SourceQuality "1"]
[WhiteTeam "Polabiny III"]
[BlackTeam "Vysoke Myto"]
[WhiteTeamCountry "CZE"]
[BlackTeamCountry "CZE"]

1. d4 d5 2. c4 e6 3. Nc3 c6 4. cxd5 exd5 5. Bf4 f5 6. e3 Nf6 7. Nf3 Be7 8. Bd3 0-0 9. Qc2 Ne4 10. Rb1 a5 11. a3 b5 12. b4 Na6 13. Na2 Bb7 14. 0-0 a4 15. h3 Rc8 16. Ne5 g6 17. Rbc1 Nb8 18. Nc3 Nd7 19. Bxe4 fxe4 20. Qa2 Kg7 21. Nxd7 Qxd7 22. Be5+ Bf6 23. Bxf6+ Rxf6 24. Ne2 Rcf8 25. Ng3 h5 26. Qe2 h4 27. Nh1 Bc8 28. Rc5 Qf7 29. Rfc1 Bd7 30. Kf1 g5 31. Ke1 Qg6 32. Kd2 g4 33. hxg4 Bxg4 34. Qf1 Rh8 35. Kc3 Rh6 36. Kb2 Qf5 37. R5c2 Rhg6 38. Ka1 Qg5 39. Qg1 Bf3 40. g3 Bxh1 41. Qxh1 hxg3 42. fxg3 Qxe3 43. Rc3 Qxd4 44. Kb1 Qe5 45. Qe1 d4 46. Rc5 Qe6 47. Ka1 Rf3 0-1

[Event "CZE-chT rap"]
[Site "Pardubice"]
[Date "2016.07.17"]
[Round "6.2"]
[White "Vokac, Marek"]
[Black "Danek, Pavel"]
[Result "1-0"]
[WhiteElo "2415"]
[BlackElo "1990"]
[PlyCount "81"]
[EventDate "2016.07.14"]
[EventType "team-swiss"]
[EventRounds "7"]
[EventCountry "CZE"]
[SourceTitle "EXT 2017"]
[Source "ChessBase"]
[SourceDate "2016.10.25"]
[SourceVersion "1"]
[SourceVersionDate "2016.10.25"]
[SourceQuality "1"]
[WhiteTeam "Turnov Zikuda"]
[BlackTeam "Pardubice Bohemia"]
[WhiteTeamCountry "CZE"]
[BlackTeamCountry "CZE"]

1. b3 d5 2. Bb2 f5 3. f4 e6 4. Nf3 Nf6 5. g3 Be7 6. Bg2 0-0 7. 0-0 Bd7 8. Qe1 c6 9. d3 Be8 10. Nbd2 Bh5 11. Ng5 Bf7 12. e4 Ng4 13. exf5 exf5 14. Ndf3 Re8 15. Nxf7 Kxf7 16. Kh1 Nd7 17. h3 Nh6 18. Qd2 Ng8 19. Rae1 h6 20. Ne5+ Nxe5 21. fxe5 g6 22. g4 Ke6 23. gxf5+ gxf5 24. Re2 Rf8 25. Bf3 Bg5 26. Qe1 Bh4 27. Qb4 Qe7 28. Qd4 Bg3 29. c4 Rad8 30. cxd5+ cxd5 31. Qxa7 Qh4 32. Qb6+ Kf7 33. Bg4 Ne7 34. Qf6+ Kg8 35. Qxh4 Bxh4 36. Bh5 Kh7 37. Rf4 Bg3 38. Rb4 Rd7 39. Rb6 Rg8 40. Rf6 f4 41. Rf7+ 1-0

[Event "Pardubice Chladek&Tintera op"]
[Site "Pardubice"]
[Date "2014.07.17"]
[Round "6"]
[White "Danek, Pavel"]
[Black "Darnell, Anton"]
[Result "1/2-1/2"]
[WhiteElo "2005"]
[BlackElo "1819"]
[PlyCount "127"]
[EventDate "2014.07.16"]
[EventType "swiss (rapid)"]
[EventRounds "9"]
[EventCountry "CZE"]
[SourceTitle "EXT 2015"]
[Source "ChessBase"]
[SourceDate "2014.11.20"]
[SourceVersion "1"]
[SourceVersionDate "2014.11.20"]
[SourceQuality "1"]

1. d4 Nf6 2. Nf3 g6 3. Bg5 Bg7 4. Nbd2 d5 5. e3 0-0 6. Bd3 Nbd7 7. c3 c5 8. 0-0 h6 9. Bh4 b6 10. Re1 Bb7 11. Ne5 g5 12. Bg3 Ne4 13. Nxd7 Qxd7 14. Qc2 Nxg3 15. hxg3 e6 16. Nf3 a5 17. Qe2 c4 18. Bc2 b5 19. e4 dxe4 20. Bxe4 Bxe4 21. Qxe4 Rfe8 22. a3 Qd5 23. Qxd5 exd5 24. Rxe8+ Rxe8 25. Re1 Rxe1+ 26. Nxe1 Kf8 27. Kf1 b4 28. axb4 axb4 29. Nc2 bxc3 30. bxc3 Ke7 31. Ke2 Ke6 32. g4 Bf8 33. Ne3 Ba3 34. Kd2 Bd6 35. g3 Ba3 36. Kc2 Bd6 37. Nf5 Bf8 38. Ne3 Bd6 39. Kb2 Bf8 40. Kc2 Ba3 41. Kd2 Bd6 42. Nf5 Bf8 43. Ne3 Bd6 44. Ke2 Ba3 45. f4 f6 46. Kf3 Bf8 47. Nc2 Bd6 48. Ne3 Bf8 49. Kf2 Ba3 50. Nc2 Bb2 51. Ke3 Bxc3 52. Na3 Be1 53. Kf3 Bb4 54. Nc2 Bf8 55. Ne3 Ba3 56. Nc2 Be7 57. Ne3 Bb4 58. Nc2 Bd2 59. Ke2 c3 60. f5+ Kd6 61. Kd3 Kc6 62. Nb4+ Kd6 63. Nc2 Kc6 64. Nb4+ 1/2-1/2